000 00314nam a22001337a 4500
008 181029b xxu||||| |||| 00| 0 eng d
020 _a0871897954
041 _aeng
080 _a612.39
100 _a10
101 _aNUT
245 _aUnderstanding Foodservice Financial Management
_cSneed,J
942 _2udc
_cBK
999 _c51046
_d51046